Republican Primary Candidates 1972-1996 - Statistics

General Stats
  • This quiz has been taken 79 times
  • The average score is 9 of 13
Answer Stats
Year Position Candidate % Correct
1980 Fmr. Dir. of the CIA George H.W. Bush
100%
1988 Vice President George H.W. Bush
100%
1976 Gov. of CA Ronald Reagan
100%
1980 Fmr. Gov of CA Ronald Reagan
100%
1988 Senator from KS Bob Dole
95%
1996 Senator from KS Bob Dole
95%
1976 Vice President Gerald R. Ford
95%
1980 Rep. from IL John Anderson
58%
1996 Fmr. WH Com. Dir. Pat Buchanan
54%
1988 Rep. from NY Jack Kemp
46%
1988 Chair of CBN Pat Robertson
46%
1996 Businessman Steve Forbes
44%
1996 Fmr. Sec. of Edc. Lamar Alexander
17%
No matching quizzes found
Score Distribution
Percent of People with Each Score
Percentile by Number Answered
Your Score History
You have not taken this quiz